Statistics for Less Than Zero - The Weeknd Lyrics

Click here to take the quiz!

General Stats

  • This quiz has been taken 112 times
  • The average score is 206 of 224

Answer Stats

HintLyrics% Correct
I
100%
be
99%
a
97%
Can
97%
my
97%
of
96%
out
96%
you
96%
You
96%
can't
95%
free
95%
head
95%
it
95%
it,
95%
know
95%
me,
95%
me
95%
your
95%
but
94%
ChorusBut
94%
get
94%
in
94%
rather
94%
this
94%
try
94%
feeling
92%
I'd
92%
less
92%
No,
92%
Oh,
92%
oh
92%
Oh
92%
than
92%
that
92%
to
92%
we
92%
OutroYeah
92%
yeah
92%
zero
92%
shake
91%
couldn't
90%
hide
90%
I'll
90%
like
90%
the
90%
was
90%
always
88%
darkest
88%
with
88%
fight
87%
heart
87%
hero,
87%
Verse1Remember
87%
tried
87%
all
86%
best
86%
Chorus'Cause
86%
meet
86%
bed
84%
truth
84%
wear
84%
from
83%
save
83%
arms,
82%
die
81%
leave
81%
middle?
81%
Now
81%
you'd
81%
crawls
79%
just
79%
watch
79%
were
75%
face
74%
before
73%
symbol
73%
woah,
43%

Score Distribution

Percentile by Number Answered

Percent of People with Each Score

Your Score History

You have not taken this quiz